| 000 | 00796cam3a220024100 4500 | ||
|---|---|---|---|
| 001 | lce00856687 | ||
| 008 | 730403s1973 ctua b 001 0beng | ||
| 010 | _a 73005682 | ||
| 020 | _a0208013474 | ||
| 035 | _a(Sirsi) r31228 | ||
| 035 | _a(DLC) 73005682 | ||
| 035 | _a(UPRA)lce00856687 | ||
| 050 | 0 |
_aG69.H86 _bM37 |
|
| 082 |
_a910/.92/4 _aB |
||
| 100 | 1 |
_aMartin, Geoffrey J. _6A23372.1 |
|
| 245 | 1 | 0 |
_aEllsworth Huntington; his life and thought, _cby Geoffrey J. Martin. |
| 260 |
_a[Hamden, Conn.] _bArchon Books, _c1973. |
||
| 504 | _aBibliography: p. 276-295. | ||
| 504 | _aIncludes bibliographical references. | ||
| 600 | 1 | 0 |
_aHuntington, Ellsworth, 1876-1947. _dHuntington, Ellsworth, 1876-1947. _6S68930.1 |
| 949 |
_aG69.H86 _wlcc _i-35215 _mMAIN _tBOOK _lON-SHELF |
||
| 004 | 31228 | ||
| 999 |
_c203415 _d203416 |
||